| 000 | 00658nam a2200217Ia 4500 | ||
|---|---|---|---|
| 003 | IN-BaIIA | ||
| 008 | 211028s9999 xx 000 0 eng d | ||
| 020 | _a978-0471686842 | ||
| 040 | _cIIA Library | ||
| 080 |
_a621.38 _bPHI |
||
| 100 |
_aPhillips, Leon F. _94796 |
||
| 245 | 0 |
_aElectronics for experimenters in chemistry, physics and biology _cLeon F. Phillips |
|
| 260 |
_aNew York _bJohn Wiley & Sons _c1966 |
||
| 300 | _axii, 266p. | ||
| 650 |
_aElectronic apparatus and appliances _93922 |
||
| 650 |
_aElectronic circuits _92136 |
||
| 650 |
_aElectronic equipment _93162 |
||
| 650 |
_aElectronics _91576 |
||
| 650 | _aNASA Thesaurus | ||
| 942 | _cBK | ||
| 999 |
_c2684 _d2684 |
||